000
00282nam a22001337a 4500
008
180914b xxu||||| |||| 00| 0 eng d
020
_a
0030062187
041
_a
eng
080
_a
371
100
_a
25
101
_a
EDU
245
_a
Write to Learn
_c
Murray, D.M
942
_2
udc
_c
BK
999
_c
47764
_d
47764